000 01019nam a2200289 i 4500
001 bg
245 0 0 _aQuality manager. :
_bthe collected work.
_nVol. 2 /
_ced. by J. Czermiński ; [transl. Joanna Grzegorzewska-Trzeciak, Anna Michalewska]
260 _aGdynia :
_bWydaw. Akademii Morskiej,
_c2005.
300 _a177 s. :
_bwykr. ;
_c24 cm.
504 _aBibliogr.
650 9 _aJakość produktu
_xprawo wspólnotowe europejskie
650 9 _aPrawo ochrony środowiska międzynarodowe
_xUnia Europejska
650 9 _aPrawo ochrony środowiska
_zPolska
650 9 _aZarządzanie jakością
650 9 _aNormy ISO 9000
655 _aPodręczniki akademickie
700 1 _aCzermiński, Jerzy.
_eRed.
700 1 _aGrzegorzewska-Trzeciak, Joanna
_eTł.
700 1 _aMichalewska, Anna.
_eTł.
020 _a8374210702
040 _cBPK
041 1 _aeng
_hpol
080 _a658.56.012:006.3/.8:349.6](438+4-67)(075.8)
920 _a83-7421-070-2
942 _cKS
008 s pl f |000 0 pol
999 _c46717
_d46717
856 _uhttp://koha.tu.koszalin.pl/cgi-bin/koha/opac-detail.pl?biblionumber=46717
_yKatalog online BPK